00373nam a2200181Ia 4500003000900000008004100009040001300050040001300063041000800076100001700084245003700101250000900138260000800147260000900155300001100164300001000175490000600185IT-RoPAU120407s9999 xx 000 0 und d aIT-RoPAU cIT-RoPAU aita aM. G. Baroni aPio II (Enea Silvio Piccolomini) aRoma aFSP c1938 a215 p. c17 cm v1